00435 2200169 4500245004100000020002200041250001100063100001200074100001800086700000900104650002100113005001900134260007900153041001400232084001000246336000900256 aHikayat Bayan BudimancEkawatihText a978-979-069-282-4 acet. 1 aEkawati aDony Setiawan aEorG aCerita Bergambar a20240926085631 aJakarta TimurbKementrian Pendidikan, Keudayaan, Rset, dan Teknologic2016 aIndonesia a741.5 atext